सुभाषचन्द्र बोसःनिस्संग क्रान्ति-पथिक / (Record no. 18054)

MARC details
000 -LEADER
fixed length control field 01736nam a22003137a 4500
005 - DATE AND TIME OF LATEST TRANSACTION
control field 20081105140343.0
008 - FIXED-LENGTH DATA ELEMENTS--GENERAL INFORMATION
fixed length control field 081105t xxu||||| |||| 00| 0 hin d
010 ## - LCCN (DPL NO)
LC control number HIN-84676
020 ## - INTERNATIONAL STANDARD BOOK NUMBER
International Standard Book Number 8170432189
Terms of availability 350.00
035 ## - SYSTEM CONTROL NUMBER
System control number HN-57022
037 ## - SOURCE OF ACQUISITION
Source of stock number/acquisition DBAD / PUB
040 ## - CATALOGING SOURCE
Original cataloging agency DPL
Language of cataloging HN
082 ## - DEWEY DECIMAL CLASSIFICATION NUMBER
Classification number 954.0841
100 ## - MAIN ENTRY--PERSONAL NAME
Personal name गुप्त, आशा
245 ## - TITLE STATEMENT
Title सुभाषचन्द्र बोसःनिस्संग क्रान्ति-पथिक /
Statement of responsibility, etc आशा गुप्त
246 ## - VARYING FORM OF TITLE
Title proper/short title Subhashchandra Bose : nisang kranti-pathic
Remainder of title by Asha Gupta
260 ## - PUBLICATION, DISTRIBUTION, ETC. (IMPRINT)
Place of publication, distribution, etc दिल्ली
Name of publisher, distributor, etc आत्माराम एंड संस
Date of publication, distribution, etc 2008
270 ## - ADDRESS
Address 1376, कश्मीरी गेट
City दिल्ली
Postal code 110006
Telephone number 011 23946466, 23973082
Electronic mail address atmaram_books@hotmail.com
300 ## - PHYSICAL DESCRIPTION
Extent 280पृ
Dimensions 22सेमी (सजिल्द)
600 ## - SUBJECT ADDED ENTRY--PERSONAL NAME
Personal name बोस, सुभाषचन्द्र, 1897-1945
600 ## - SUBJECT ADDED ENTRY--PERSONAL NAME
Personal name Bose, Subhash Chandra, 1897-1945
650 ## - SUBJECT ADDED ENTRY--TOPICAL TERM
Topical term or geographic name as entry element राष्ट्रवाद
General subdivision इतिहास
Geographic subdivision भारत
650 ## - SUBJECT ADDED ENTRY--TOPICAL TERM
Topical term or geographic name as entry element Nationalism
General subdivision History
Geographic subdivision India
651 ## - SUBJECT ADDED ENTRY--GEOGRAPHIC NAME
Geographic name भारत
General subdivision राजनीति और सरकार
Chronological subdivision 1897-1945
651 ## - SUBJECT ADDED ENTRY--GEOGRAPHIC NAME
Geographic name India
General subdivision Politics and Government
Chronological subdivision 1897-1945
942 ## - ADDED ENTRY ELEMENTS (KOHA)
Source of classification or shelving scheme Dewey Decimal Classification
Item type Hindi Books
Call number suffix गुप्तआ
Classification part 954.0841
Holdings
Withdrawn status Lost status Source of classification or shelving scheme Damaged status Not for loan Collection code Home library Current library Date acquired Source of acquisition Cost, normal purchase price Total Checkouts Full call number Barcode Date last seen Copy number Cost, replacement price Koha item type Total Renewals
    Dewey Decimal Classification   Not For Loan Non-fiction D.B.Act.Division D.B.Act.Division 05/11/2008 DBAD / PUB 350.00   954.0841 गुप्तआ HN-57022 05/11/2008 1 350.00 Hindi Books  
    Dewey Decimal Classification     Non-fiction Vinoba Puri Vinoba Puri 02/03/2009   350.00 7 954.0841 गुप्तआ B-317632 30/04/2016 1 350.00 Hindi Books 1

© Delhi Public Library
Hit Counter
free hit counter